| 000 -CABECERA |
| Longitud fija campo de control |
00810nam a22002177a 4500 |
| 003 - IDENTIFICADOR DEL NÚMERO DE CONTROL |
| Identificador del número de control |
OSt |
| 005 - FECHA Y HORA DE LA ÚLTIMA TRANSACCIÓN |
| Fecha y hora de la última transacción |
20151019134801.0 |
| 008 - CÓDIGOS DE INFORMACIÓN DE LONGITUD FIJA |
| Códigos de información de longitud fija |
130620s1998 sp ||||| |||| 00| 0 cat d |
| 020 ## - NÚMERO INTERNACIONAL NORMALIZADO PARA LIBROS |
| Número Internacional Normalizado para Libros (ISBN) |
8478269665 |
| 040 ## - FUENTE DE LA CATALOGACIÓN |
| Centro transcriptor |
CDMR |
| 100 1# - PUNTO DE ACCESO PRINCIPAL-NOMBRE DE PERSONA |
| 9 (RLIN) |
139 |
| Nombre de persona |
Rovira i Virgili, Antoni |
| 245 13 - MENCIÓN DE TÍTULO |
| Título |
La guerra que han provocat |
| Resto del título |
: selecció d'articles sobre la guerra civil espanyola |
| Mención de responsabilidad, etc. |
Antoni Rovira i Virgiuli ; a cura de Josep M. Roig i Rosich |
| 260 ## - PUBLICACIÓN, DISTRIBUCIÓN, ETC. (PIE DE IMPRENTA) |
| Lugar de publicación, distribución, etc. |
Barcelona |
| Nombre del editor, distribuidor, etc. |
Publicacions de l'Abadia de Montserrat |
| Fecha de publicación, distribución, etc. |
1988 |
| 300 ## - DESCRIPCIÓN FÍSICA |
| Extensión |
336 p. |
| 490 0# - MENCIÓN DE SERIE |
| Mención de serie |
Biblioteca Abat Oliba |
| Designación de volumen o secuencia |
195 |
| 600 1# - PUNTO DE ACCESO ADICIONAL DE MATERIA - NOMBRE DE PERSONA |
| 9 (RLIN) |
139 |
| Nombre de persona |
Rovira i Virgili, Antoni |
| Subdivisión de forma (R ) |
Recull d'escrits |
| 650 04 - PUNTO DE ACCESO ADICIONAL DE MATERIA - TÉRMINO DE MATERIA |
| 9 (RLIN) |
3727 |
| Término de materia o nombre geográfico como elemento inicial |
Periodistes catalans |
| Subdivisión de forma |
Recull d'escrits |
| 650 04 - PUNTO DE ACCESO ADICIONAL DE MATERIA - TÉRMINO DE MATERIA |
| 9 (RLIN) |
3196 |
| Término de materia o nombre geográfico como elemento inicial |
Espanya |
| Subdivisión de materia general |
Història |
| Subdivisión cronológica |
1936-1939, Guerra Civil |
| 700 1# - PUNTO DE ACCESO ADICIONAL - NOMBRE DE PERSONA |
| 9 (RLIN) |
3843 |
| Nombre de persona |
Roig i Rosich, Josep M. |
| Término indicativo de función |
ed. |
| 942 ## - ENTRADA DE ELEMENTOS AGREGADOS (KOHA) |
| Fuente de clasificaión o esquema |
|
| Koha [por defecto] tipo de item |
Monografies |